Tube stations with London Overground interchange Quiz Stats

 Plays Quiz not verified by Sporcle

Score 0/29 Timer 10:00
0 Plays Today
London Underground Line Station % Correct
Northern and VictoriaEuston
90.7%
Central and JubileeStratford
90.3%
District and Hammersmith and CityBarking
89.2%
Victoria Highbury and Islington
87.7%
Central, Circle, Hammersmith and City and Metropolitan Liverpool Street
87.4%
DistrictRichmond
85.1%
BakerlooQueens Park
83.6%
VictoriaBlackhorse Road
83.6%
Bakerloo Willesden Junction
83.3%
Bakerloo Harrow and Wealdstone
83.3%
Bakerloo Wembley Central
82.9%
VictoriaSeven sisters
82.9%
DistrictKew Gardens
81.8%
Victoria Walthamstow Central
81.8%
District and Hammersmith and City Whitechapel
81.8%
London Underground Line Station % Correct
DistrictGunnersbury
80.3%
BakerlooKenton
79.6%
BakerlooSouth Kenton
77%
CentralShepherds Bush
75.5%
JubileeCanada Water
75.1%
Jubilee West Hampstead
75.1%
BakerlooStonebridge Park
74.3%
District West Brompton
74%
BakerlooHarlesden
72.9%
BakerlooNorth Wembley
72.1%
DistrictKensington Olympia
69.1%
BakerlooKensal Green
68%
DistrictUpminster
66.8%
Northern Clapham North
66.2%

You're not logged in!

Compare scores with friends on all Sporcle quizzes.
OR
Log In

Show Comments

Extras

Top Quizzes Today


Score Distribution

Your Account Isn't Verified!

In order to create a playlist on Sporcle, you need to verify the email address you used during registration. Go to your Sporcle Settings to finish the process.

Report this User

Report this user for behavior that violates our Community Guidelines.

Details: